[Event "Saanich inv III A"]
[Site "Victoria CAN"]
[Date "2017.10.08"]
[Round "4.2"]
[White "Haines, Duncan"]
[Black "Raymer, Elliot"]
[Result "0-1"]
[WhiteElo "1823"]
[BlackElo "1859"]
[WhiteFideId "-1"]
[WhiteFideId "-1"]
[PlyCount "48"]
[GameId "2160767908325919"]
[EventDate "2017.10.07"]
[EventType "tourn"]
[EventRounds "5"]
[EventCountry "CAN"]
[SourceTitle "EXT 2022"]
[Source "ChessBase"]
[SourceDate "2021.10.06"]
[SourceVersion "1"]
[SourceVersionDate "2021.10.06"]
[SourceQuality "1"]

1. d4 Nf6 2. Nf3 e6 3. Bg5 Be7 4. c4 d5 5. Nc3 O-O 6. e3 b6 7. cxd5 exd5 8. Be2 Bb7 9. O-O Nbd7 10. Rc1 c5 11. b3 Rc8 12. dxc5 bxc5 13. Qd2 Qb6 14. Rfd1 Rfd8 15. Na4 Qe6 16. Qb2 Bd6 17. Bh4 h6 18. Bg3 Bxg3 19. hxg3 Ne4 20. Bd3 Ndf6 21. Nd2 Nxf2 22. Kxf2 Ng4+ 23. Kf3 d4+ 24. e4 Qf5+ 0-1

[Event "Saanich inv III A"]
[Site "Victoria CAN"]
[Date "2017.10.08"]
[Round "4.3"]
[White "Leblanc, Paul"]
[Black "James, Rowan"]
[Result "1-0"]
[WhiteElo "1846"]
[BlackElo "1911"]
[WhiteFideId "-1"]
[WhiteFideId "-1"]
[PlyCount "51"]
[GameId "2160767908325920"]
[EventDate "2017.10.07"]
[EventType "tourn"]
[EventRounds "5"]
[EventCountry "CAN"]
[SourceTitle "EXT 2022"]
[Source "ChessBase"]
[SourceDate "2021.10.06"]
[SourceVersion "1"]
[SourceVersionDate "2021.10.06"]
[SourceQuality "1"]

1. d4 d5 2. c4 e6 3. Nf3 Nf6 4. g3 Be7 5. Bg2 O-O 6. O-O Nbd7 7. Qc2 c6 8. b3 Re8 9. Nbd2 Bf8 10. Bb2 Qc7 11. Rac1 Qb8 12. c5 e5 13. dxe5 Ng4 14. b4 Ngxe5 15. e4 dxe4 16. Nxe5 Nxe5 17. Bxe4 g6 18. f4 Nd7 19. Qc3 f6 20. Rce1 Be7 21. Bc2 Nf8 22. Ne4 Nd7 23. Nd6 Bxd6 24. Rxe8+ Kg7 25. cxd6 Qxd6 26. Rd1 1-0

[Event "Saanich inv III A"]
[Site "Victoria CAN"]
[Date "2017.10.09"]
[Round "5.1"]
[White "James, Rowan"]
[Black "Doknjas, Neil"]
[Result "0-1"]
[WhiteElo "1911"]
[BlackElo "1937"]
[WhiteFideId "-1"]
[WhiteFideId "-1"]
[PlyCount "70"]
[GameId "2160767908325921"]
[EventDate "2017.10.07"]
[EventType "tourn"]
[EventRounds "5"]
[EventCountry "CAN"]
[SourceTitle "EXT 2022"]
[Source "ChessBase"]
[SourceDate "2021.10.06"]
[SourceVersion "1"]
[SourceVersionDate "2021.10.06"]
[SourceQuality "1"]

1. e4 c5 2. c3 Nf6 3. e5 Nd5 4. d4 cxd4 5. Nf3 Nc6 6. cxd4 e6 7. Be2 Be7 8. O-O O-O 9. Nc3 Nxc3 10. bxc3 f6 11. Bd3 fxe5 12. Nxe5 Nxe5 13. dxe5 Qe8 14. Qg4 Qf7 15. f4 Bc5+ 16. Kh1 d6 17. Rf3 Bd7 18. Bd2 Bc6 19. Rh3 g6 20. Rh6 Be8 21. Qh3 Qe7 22. exd6 Bxd6 23. Re1 Bxf4 24. Bxf4 Rxf4 25. Rxe6 Qg7 26. g3 Ra4 27. Bc2 Rxa2 28. Bxg6 Ra1+ 29. Kg2 hxg6 30. Qh4 Ra2+ 31. Kg1 Ra6 32. Re7 Qxc3 33. Reh7 Qe1+ 34. Kg2 Qe2+ 35. Kh3 Qf1+ 0-1

[Event "Saanich inv III A"]
[Site "Victoria CAN"]
[Date "2017.10.09"]
[Round "5.2"]
[White "Raymer, Elliot"]
[Black "Leblanc, Paul"]
[Result "1/2-1/2"]
[WhiteElo "1859"]
[BlackElo "1846"]
[WhiteFideId "-1"]
[WhiteFideId "-1"]
[PlyCount "84"]
[GameId "2160767908325922"]
[EventDate "2017.10.07"]
[EventType "tourn"]
[EventRounds "5"]
[EventCountry "CAN"]
[SourceTitle "EXT 2022"]
[Source "ChessBase"]
[SourceDate "2021.10.06"]
[SourceVersion "1"]
[SourceVersionDate "2021.10.06"]
[SourceQuality "1"]

1. e4 c6 2. d4 d5 3. e5 Bf5 4. Nf3 e6 5. Bd3 Bxd3 6. Qxd3 Nd7 7. O-O c5 8. c3 Ne7 9. Bg5 Qb6 10. Nbd2 Nc6 11. a3 Be7 12. b4 Bxg5 13. b5 Ncxe5 14. dxe5 Bxd2 15. Qxd2 Qxb5 16. Qg5 Rg8 17. Rab1 Qc6 18. Nd2 h6 19. Qh5 O-O-O 20. f4 Rdf8 21. Qe2 f5 22. Rb5 g5 23. Rfb1 b6 24. R5b2 gxf4 25. Qa6+ Qb7 26. Qa4 Rg4 27. h3 Rg3 28. Nb3 f3 29. Na5 Qa8 30. Nc6 Rxg2+ 31. Rxg2 fxg2 32. Nxa7+ Kd8 33. Qh4+ Ke8 34. Qh5+ Rf7 35. Nb5 Kf8 36. Qxh6+ Kg8 37. Nd6 Nxe5 38. Nxf7 Kxf7 39. Qh7+ Kf6 40. Qh4+ Kf7 41. Qh7+ Kf6 42. Qh4+ Kf7 1/2-1/2

[Event "Saanich inv III B"]
[Site "Victoria CAN"]
[Date "2017.10.07"]
[Round "1.1"]
[White "Deimert, Elroy"]
[Black "Brown, Rod"]
[Result "0-1"]
[WhiteElo "1519"]
[BlackElo "1803"]
[WhiteFideId "-1"]
[WhiteFideId "-1"]
[PlyCount "48"]
[GameId "2160767908325923"]
[EventDate "2017.10.07"]
[EventType "tourn"]
[EventRounds "5"]
[EventCountry "CAN"]
[SourceTitle "EXT 2022"]
[Source "ChessBase"]
[SourceDate "2021.10.06"]
[SourceVersion "1"]
[SourceVersionDate "2021.10.06"]
[SourceQuality "1"]

1. e4 e5 2. Nf3 Nc6 3. Nc3 Bc5 4. Nxe5 Bxf2+ 5. Kxf2 Nxe5 6. d4 Ng6 7. Be3 d6 8. Bc4 Nf6 9. h3 O-O 10. Rf1 Be6 11. Bd3 c6 12. Kg1 Qb6 13. Qd2 d5 14. e5 Nd7 15. Qe2 Qxb2 16. Rab1 Qxc3 17. Rb3 Qa5 18. Rfb1 b5 19. h4 Qd8 20. Bg5 Qb6 21. c3 Ngxe5 22. Bxh7+ Kxh7 23. Qh5+ Kg8 24. Kh1 Bg4 0-1

[Event "Saanich inv III B"]
[Site "Victoria CAN"]
[Date "2017.10.07"]
[Round "1.2"]
[White "Richardson, Ross"]
[Black "Jones, Cliff"]
[Result "1-0"]
[WhiteElo "1708"]
[BlackElo "1578"]
[WhiteFideId "-1"]
[WhiteFideId "-1"]
[PlyCount "55"]
[GameId "2160767908325924"]
[EventDate "2017.10.07"]
[EventType "tourn"]
[EventRounds "5"]
[EventCountry "CAN"]
[SourceTitle "EXT 2022"]
[Source "ChessBase"]
[SourceDate "2021.10.06"]
[SourceVersion "1"]
[SourceVersionDate "2021.10.06"]
[SourceQuality "1"]

1. d4 c6 2. c4 f5 3. Nf3 Nf6 4. Nc3 e6 5. h3 d5 6. e3 Bd6 7. Bd3 O-O 8. Qc2 Ne4 9. Bd2 Nd7 10. O-O Ndf6 11. Ne5 Bd7 12. f3 Nxc3 13. Bxc3 Be8 14. Rae1 Qe7 15. a3 Rc8 16. e4 fxe4 17. fxe4 Nxe4 18. Bxe4 dxe4 19. Qxe4 Bxe5 20. Qxe5 Bg6 21. Rxf8+ Qxf8 22. Qxe6+ Bf7 23. Qd7 Bxc4 24. Qxb7 a6 25. Bb4 Qd8 26. Bc3 c5 27. dxc5 Bd5 28. Qxg7# 1-0

[Event "Saanich inv III B"]
[Site "Victoria CAN"]
[Date "2017.10.07"]
[Round "1.3"]
[White "Lee, Mau Seng"]
[Black "Tate, Bill"]
[Result "0-1"]
[WhiteElo "1473"]
[BlackElo "1672"]
[WhiteFideId "-1"]
[WhiteFideId "-1"]
[PlyCount "98"]
[GameId "2160767908325925"]
[EventDate "2017.10.07"]
[EventType "tourn"]
[EventRounds "5"]
[EventCountry "CAN"]
[SourceTitle "EXT 2022"]
[Source "ChessBase"]
[SourceDate "2021.10.06"]
[SourceVersion "1"]
[SourceVersionDate "2021.10.06"]
[SourceQuality "1"]

1. e4 e6 2. d4 d5 3. Nc3 Nf6 4. e5 Nfd7 5. Nf3 Be7 6. Be3 a6 7. Qd2 c5 8. Ne2 Nc6 9. c3 cxd4 10. cxd4 Bb4 11. Nc3 Be7 12. Rc1 O-O 13. Bd3 f6 14. exf6 Bxf6 15. O-O Ne7 16. Rfe1 Nb6 17. Ne2 Nf5 18. Bf4 Nd6 19. Ng3 Be7 20. Qc2 Rxf4 21. Bxh7+ Kf8 22. Nh5 Rxf3 23. gxf3 Nf5 24. Re5 Bd6 25. Ree1 Qh4 26. Bxf5 Qxh2+ 27. Kf1 exf5 28. Ng3 g6 29. Qe2 Bd7 30. a4 Re8 31. Qd1 Qh3+ 32. Kg1 Bxg3 33. Rxe8+ Bxe8 34. fxg3 Qxg3+ 35. Kh1 Nc4 36. b3 Ne3 37. Qe2 Qh4+ 38. Kg1 Qxd4 39. Qf2 Bc6 40. Kh1 Qh8+ 41. Kg1 f4 42. Qd2 Qf6 43. Qb4+ Kg7 44. Qc5 Qg5+ 45. Kf2 Qg2+ 46. Ke1 Qg5 47. Qd4+ Qf6 48. Qb6 Qe5 49. Kf2 Qb2+ 0-1

[Event "Saanich inv III B"]
[Site "Victoria CAN"]
[Date "2017.10.07"]
[Round "2.1"]
[White "Brown, Rod"]
[Black "Tate, Bill"]
[Result "1/2-1/2"]
[WhiteElo "1803"]
[BlackElo "1672"]
[WhiteFideId "-1"]
[WhiteFideId "-1"]
[PlyCount "134"]
[GameId "2160767908325927"]
[EventDate "2017.10.07"]
[EventType "tourn"]
[EventRounds "5"]
[EventCountry "CAN"]
[SourceTitle "EXT 2022"]
[Source "ChessBase"]
[SourceDate "2021.10.06"]
[SourceVersion "1"]
[SourceVersionDate "2021.10.06"]
[SourceQuality "1"]

1. d4 f5 2. c4 Nf6 3. Nf3 e6 4. e3 d5 5. Nc3 c6 6. Be2 Bd6 7. a3 a5 8. O-O O-O 9. Rb1 Ne4 10. Ne5 Qc7 11. f4 Nd7 12. c5 Be7 13. Nxe4 dxe4 14. Nxd7 Bxd7 15. b4 axb4 16. axb4 b5 17. Qb3 Bf6 18. Bb2 Ra7 19. g4 g6 20. Rf2 Kf7 21. gxf5 gxf5 22. Bh5+ Ke7 23. Rg2 Be8 24. Bxe8 Rxe8 25. Kh1 Rf8 26. Rbg1 Qd8 27. Bc3 Qd5 28. Qb2 Raa8 29. Ra1 Kf7 30. Rxa8 Rxa8 31. Qe2 Rh8 32. Qa2 Qxa2 33. Rxa2 Kg6 34. Be1 Rc8 35. Kg2 Kh5 36. Kh3 Bd8 37. Ra7 h6 38. Rd7 Kg6 39. Rd6 Kf7 40. Bh4 Bf6 41. Bxf6 Kxf6 42. Kh4 Ke7 43. Kh5 Kf6 44. h3 Ke7 45. Kg6 Rg8+ 46. Kxh6 Rh8+ 47. Kg7 Rxh3 48. Rxc6 Rxe3 49. Rb6 Rc3 50. Rb7+ Ke8 51. Kf6 e3 52. Re7+ Kd8 53. Rxe6 Rd3 54. Kxf5 Rxd4 55. Rxe3 Rxb4 56. Rc3 Kc7 57. Ke5 Kc6 58. Rc2 Rb1 59. f5 Re1+ 60. Kd4 Rf1 61. Ke4 b4 62. Ke5 Re1+ 63. Kd4 Rf1 64. Kc4 Rf4+ 65. Kb3 Rxf5 66. Kxb4 Rf4+ 67. Kb3 Rf5 1/2-1/2

[Event "Saanich inv III B"]
[Site "Victoria CAN"]
[Date "2017.10.07"]
[Round "2.2"]
[White "Jones, Cliff"]
[Black "Lee, Mau Seng"]
[Result "0-1"]
[WhiteElo "1578"]
[BlackElo "1473"]
[WhiteFideId "-1"]
[WhiteFideId "-1"]
[PlyCount "48"]
[GameId "2160767908325929"]
[EventDate "2017.10.07"]
[EventType "tourn"]
[EventRounds "5"]
[EventCountry "CAN"]
[SourceTitle "EXT 2022"]
[Source "ChessBase"]
[SourceDate "2021.10.06"]
[SourceVersion "1"]
[SourceVersionDate "2021.10.06"]
[SourceQuality "1"]

1. e4 d6 2. Nf3 f5 3. d3 fxe4 4. dxe4 Nc6 5. c3 Bg4 6. h3 Bh5 7. Be2 e5 8. Ng5 Bxe2 9. Qxe2 Nf6 10. Qc4 Qd7 11. Qe6+ Qxe6 12. Nxe6 Kd7 13. Nxf8+ Raxf8 14. Nd2 Rf7 15. g4 Rhf8 16. Rf1 h6 17. f3 Nd8 18. b3 Ne6 19. Nc4 Nxe4 20. Nxe5+ dxe5 21. Ba3 Nd6 22. h4 Rxf3 23. Rxf3 Rxf3 24. Ke2 Rxc3 0-1

[Event "Saanich inv III B"]
[Site "Victoria CAN"]
[Date "2017.10.07"]
[Round "2.3"]
[White "Deimert, Elroy"]
[Black "Richardson, Ross"]
[Result "0-1"]
[WhiteElo "1519"]
[BlackElo "1708"]
[WhiteFideId "-1"]
[WhiteFideId "-1"]
[PlyCount "126"]
[GameId "2160767908325930"]
[EventDate "2017.10.07"]
[EventType "tourn"]
[EventRounds "5"]
[EventCountry "CAN"]
[SourceTitle "EXT 2022"]
[Source "ChessBase"]
[SourceDate "2021.10.06"]
[SourceVersion "1"]
[SourceVersionDate "2021.10.06"]
[SourceQuality "1"]

1. e4 c5 2. d4 cxd4 3. c3 dxc3 4. Nxc3 Nc6 5. Nf3 d6 6. Bc4 e6 7. O-O Nf6 8. e5 dxe5 9. Qxd8+ Kxd8 10. Ng5 Ke8 11. Nb5 Rb8 12. Nc7+ Ke7 13. b3 Nd7 14. Rd1 h6 15. Ba3+ Kf6 16. Ne4+ Kg6 17. Bxf8 Nxf8 18. Bd3 f5 19. Nd6 Bd7 20. g4 e4 21. Be2 a6 22. f4 Ne7 23. Rac1 Bc6 24. Bc4 Kf6 25. g5+ hxg5 26. fxg5+ Kg6 27. Nxe6 Nxe6 28. Bxe6 Rh4 29. Rc3 Rg4+ 30. Rg3 Rxg3+ 31. hxg3 Kxg5 32. Kf2 Kf6 33. Bc4 Rh8 34. a4 g5 35. Bf1 f4 36. gxf4 gxf4 37. Ke1 Nf5 38. b4 Nxd6 39. Rxd6+ Ke5 40. Rg6 Bxa4 41. Rb6 Rh7 42. b5 Bxb5 43. Bxb5 axb5 44. Rxb5+ Kd4 45. Rb4+ Kd3 46. Rb3+ Kc4 47. Rb6 Rf7 48. Re6 e3 49. Ke2 b5 50. Re4+ Kc3 51. Re6 b4 52. Rc6+ Kb2 53. Kf3 b3 54. Re6 Kc2 55. Rc6+ Kd3 56. Rd6+ Kc2 57. Rc6+ Kb1 58. Re6 b2 59. Re8 Rc7 60. Kxf4 Kc1 61. Rxe3 b1=Q 62. Re1+ Kb2 63. Rxb1+ Kxb1 0-1

[Event "Saanich inv III B"]
[Site "Victoria CAN"]
[Date "2017.10.08"]
[Round "3.1"]
[White "Richardson, Ross"]
[Black "Brown, Rod"]
[Result "1-0"]
[WhiteElo "1708"]
[BlackElo "1803"]
[WhiteFideId "-1"]
[WhiteFideId "-1"]
[PlyCount "81"]
[GameId "2160767908325931"]
[EventDate "2017.10.07"]
[EventType "tourn"]
[EventRounds "5"]
[EventCountry "CAN"]
[SourceTitle "EXT 2022"]
[Source "ChessBase"]
[SourceDate "2021.10.06"]
[SourceVersion "1"]
[SourceVersionDate "2021.10.06"]
[SourceQuality "1"]

1. d4 d5 2. c4 c6 3. Nc3 e6 4. cxd5 exd5 5. Nf3 Nf6 6. Bg5 Be7 7. Qc2 h6 8. Bh4 O-O 9. e3 Ne4 10. Bxe7 Qxe7 11. Bd3 f5 12. Ne5 Qf6 13. O-O Nd7 14. f4 Re8 15. Rad1 Re7 16. Qb3 Kh7 17. a4 Nf8 18. Qa3 Bd7 19. b4 a6 20. a5 g6 21. Na4 Be8 22. Nc5 Rg7 23. Bxe4 fxe4 24. Rf2 Bd7 25. Nexd7 Nxd7 26. Nxb7 Nb6 27. Nc5 Nc4 28. Qc3 Raa7 29. Nxe4 Qf5 30. Nc5 Rge7 31. e4 Qg4 32. Re1 Nd6 33. e5 Nc4 34. h3 Qh4 35. Ref1 Rf7 36. Kh2 Ra8 37. Qd3 Raf8 38. g3 Qe7 39. Nxa6 Qb7 40. Nc5 Qxb4 41. a6 1-0

[Event "Saanich inv III B"]
[Site "Victoria CAN"]
[Date "2017.10.08"]
[Round "3.2"]
[White "Lee, Mau Seng"]
[Black "Deimert, Elroy"]
[Result "0-1"]
[WhiteElo "1473"]
[BlackElo "1519"]
[WhiteFideId "-1"]
[WhiteFideId "-1"]
[PlyCount "74"]
[GameId "2160767908325932"]
[EventDate "2017.10.07"]
[EventType "tourn"]
[EventRounds "5"]
[EventCountry "CAN"]
[SourceTitle "EXT 2022"]
[Source "ChessBase"]
[SourceDate "2021.10.06"]
[SourceVersion "1"]
[SourceVersionDate "2021.10.06"]
[SourceQuality "1"]

1. e4 d5 2. Nc3 d4 3. Nce2 e5 4. d3 Nc6 5. f4 Nf6 6. fxe5 Nxe5 7. Bf4 Ng6 8. Qd2 Nh5 9. Nf3 Nhxf4 10. Nxf4 Bg4 11. Be2 Nxf4 12. Qxf4 Bb4+ 13. Kf2 Bxf3 14. Bxf3 Be7 15. Rhf1 O-O 16. Kg1 Bg5 17. Qg4 Be3+ 18. Kh1 c5 19. Rae1 Re8 20. Bd1 Re6 21. Qf5 Qc7 22. Rf3 Rh6 23. Rh3 Rxh3 24. Qxh3 Re8 25. Rf1 Re6 26. Rf5 Qe7 27. Rh5 h6 28. Rd5 Qf6 29. Rf5 Qe7 30. Bg4 Rf6 31. Bf3 g6 32. Rd5 Kg7 33. Rd7 Qe5 34. Rxb7 Qg5 35. Rxa7 Bf2 36. Qg4 Qd2 37. Rxf7+ Rxf7 0-1

[Event "Saanich inv III B"]
[Site "Victoria CAN"]
[Date "2017.10.08"]
[Round "3.3"]
[White "Tate, Bill"]
[Black "Jones, Cliff"]
[Result "1-0"]
[WhiteElo "1672"]
[BlackElo "1578"]
[WhiteFideId "-1"]
[WhiteFideId "-1"]
[PlyCount "105"]
[GameId "2160767908325933"]
[EventDate "2017.10.07"]
[EventType "tourn"]
[EventRounds "5"]
[EventCountry "CAN"]
[SourceTitle "EXT 2022"]
[Source "ChessBase"]
[SourceDate "2021.10.06"]
[SourceVersion "1"]
[SourceVersionDate "2021.10.06"]
[SourceQuality "1"]

1. e4 c6 2. d4 d5 3. exd5 Qxd5 4. c4 Qd8 5. Nc3 Nf6 6. Nf3 Bf5 7. Be2 e6 8. O-O Be7 9. Bf4 O-O 10. Nh4 Bg6 11. Nxg6 hxg6 12. a3 Bd6 13. Bxd6 Qxd6 14. c5 Qc7 15. Qc2 Rd8 16. Rfd1 Nbd7 17. b4 e5 18. Bf3 exd4 19. Rxd4 Ne5 20. Rxd8+ Rxd8 21. Be2 Rd4 22. g3 Qd7 23. Rd1 Rxd1+ 24. Qxd1 Qxd1+ 25. Nxd1 Nd5 26. f4 Nd7 27. Kf2 f5 28. Bc4 Kf8 29. Ke2 N7f6 30. Kd3 Ke7 31. Kd4 Nc7 32. Nf2 Nd7 33. Nd3 b6 34. cxb6 axb6 35. Ne5 c5+ 36. bxc5 bxc5+ 37. Ke3 Kd6 38. Nxd7 Kxd7 39. Bf7 Nb5 40. a4 Nd6 41. Bxg6 Ke6 42. Bh5 Kf6 43. Be2 g5 44. a5 c4 45. Kd4 gxf4 46. gxf4 c3 47. Kxc3 Ke6 48. a6 Nc8 49. Kd4 Kf6 50. Kc5 Ke7 51. Bd3 Ke6 52. Kc6 Nd6 53. a7 1-0

[Event "Saanich inv III B"]
[Site "Victoria CAN"]
[Date "2017.10.08"]
[Round "4.1"]
[White "Brown, Rod"]
[Black "Jones, Cliff"]
[Result "0-1"]
[WhiteElo "1803"]
[BlackElo "1578"]
[WhiteFideId "-1"]
[WhiteFideId "-1"]
[PlyCount "64"]
[GameId "2160767908325935"]
[EventDate "2017.10.07"]
[EventType "tourn"]
[EventRounds "5"]
[EventCountry "CAN"]
[SourceTitle "EXT 2022"]
[Source "ChessBase"]
[SourceDate "2021.10.06"]
[SourceVersion "1"]
[SourceVersionDate "2021.10.06"]
[SourceQuality "1"]

1. e4 c6 2. d4 g6 3. Be3 d5 4. Nd2 Bg7 5. c3 dxe4 6. Nxe4 Nd7 7. Bd3 Ngf6 8. f3 e5 9. Ne2 Nd5 10. Bd2 Qc7 11. Qb3 a5 12. a4 h6 13. O-O-O b6 14. Bc4 Bb7 15. Kb1 O-O-O 16. Bxd5 cxd5 17. Nf2 Qc4 18. Qxc4+ dxc4 19. Be3 Rhe8 20. d5 Bf8 21. Kc2 Nc5 22. Bxc5 Bxc5 23. Ne4 Rxd5 24. Rxd5 Bxd5 25. Nxc5 bxc5 26. Rd1 Rd8 27. Ng3 f5 28. Nf1 Bc6 29. Rxd8+ Kxd8 30. b3 e4 31. Nd2 cxb3+ 32. Kxb3 e3 0-1

[Event "Saanich inv III B"]
[Site "Victoria CAN"]
[Date "2017.10.08"]
[Round "4.2"]
[White "Deimert, Elroy"]
[Black "Tate, Bill"]
[Result "0-1"]
[WhiteElo "1519"]
[BlackElo "1672"]
[WhiteFideId "-1"]
[WhiteFideId "-1"]
[PlyCount "98"]
[GameId "2160767908325936"]
[EventDate "2017.10.07"]
[EventType "tourn"]
[EventRounds "5"]
[EventCountry "CAN"]
[SourceTitle "EXT 2022"]
[Source "ChessBase"]
[SourceDate "2021.10.06"]
[SourceVersion "1"]
[SourceVersionDate "2021.10.06"]
[SourceQuality "1"]

1. e4 e6 2. d4 d5 3. exd5 exd5 4. Bd3 Nf6 5. Nc3 c6 6. Nf3 Bd6 7. Bg5 Be6 8. Qe2 h6 9. Bh4 Qe7 10. Bg3 Bxg3 11. hxg3 Nbd7 12. a3 O-O-O 13. Ne5 Nxe5 14. dxe5 Nd7 15. b4 Qg5 16. Rh5 Qe7 17. f4 g6 18. Rh1 h5 19. Qf2 Nb6 20. Ne2 Kb8 21. Nd4 Nc4 22. c3 Qc7 23. a4 Bg4 24. b5 c5 25. Nc2 Nxe5 26. fxe5 Qxe5+ 27. Kd2 d4 28. c4 Qg5+ 29. Qf4+ Qxf4+ 30. gxf4 h4 31. Rag1 f5 32. Ne1 Rde8 33. Rf1 Re3 34. Nf3 h3 35. gxh3 Bxf3 36. Rhg1 Rxh3 37. Rf2 Bg4 38. Rgg2 Rxd3+ 39. Kc2 Rc3+ 40. Kb2 Rxc4 41. Rh2 Rcc3 42. Rxh3 Rxh3 43. a5 c4 44. Rf1 Rb3+ 45. Ka2 Rxb5 46. Re1 Rxa5+ 47. Kb1 Rc5 48. Re8+ Rc8 49. Re6 Bh5 0-1

[Event "Saanich inv III B"]
[Site "Victoria CAN"]
[Date "2017.10.08"]
[Round "4.3"]
[White "Richardson, Ross"]
[Black "Lee, Mau Seng"]
[Result "1-0"]
[WhiteElo "1708"]
[BlackElo "1473"]
[WhiteFideId "-1"]
[WhiteFideId "-1"]
[PlyCount "93"]
[GameId "2160767908325938"]
[EventDate "2017.10.07"]
[EventType "tourn"]
[EventRounds "5"]
[EventCountry "CAN"]
[SourceTitle "EXT 2022"]
[Source "ChessBase"]
[SourceDate "2021.10.06"]
[SourceVersion "1"]
[SourceVersionDate "2021.10.06"]
[SourceQuality "1"]

1. d4 d5 2. Nf3 Bg4 3. c4 Bxf3 4. gxf3 Nc6 5. e3 e5 6. dxe5 Bb4+ 7. Bd2 dxc4 8. Bxc4 Bxd2+ 9. Nxd2 Qg5 10. Qb3 O-O-O 11. f4 Qg2 12. Ke2 Nge7 13. Nf3 Na5 14. Qc3 Nxc4 15. Qxc4 Qg6 16. Rhg1 Qb6 17. b3 Rd5 18. Rad1 Rhd8 19. Rxd5 Rxd5 20. e4 Rc5 21. Qxf7 Qa6+ 22. Kd1 Qd3+ 23. Nd2 b6 24. Rg3 Qd4 25. Ke2 Rc2 26. Rd3 Qxe4+ 27. Re3 Qb4 28. Rd3 Nc6 29. Qg8+ Kb7 30. Qd5 Qxf4 31. e6 Rc5 32. Qf3 Re5+ 33. Re3 Rxe3+ 34. Qxe3 Nd4+ 35. Kd3 Qxe3+ 36. fxe3 Nxe6 37. Ke4 Kc6 38. Ke5 Nc5 39. h4 Nd7+ 40. Ke6 Nf6 41. Kf7 Nh5 42. e4 b5 43. e5 Kd5 44. e6 Nf6 45. e7 Ke5 46. Kxg7 Ke6 47. Ne4 1-0

[Event "Saanich inv III B"]
[Site "Victoria CAN"]
[Date "2017.10.09"]
[Round "5.1"]
[White "Lee, Mau Seng"]
[Black "Brown, Rod"]
[Result "0-1"]
[WhiteElo "1473"]
[BlackElo "1803"]
[WhiteFideId "-1"]
[WhiteFideId "-1"]
[PlyCount "84"]
[GameId "2160767908325939"]
[EventDate "2017.10.07"]
[EventType "tourn"]
[EventRounds "5"]
[EventCountry "CAN"]
[SourceTitle "EXT 2022"]
[Source "ChessBase"]
[SourceDate "2021.10.06"]
[SourceVersion "1"]
[SourceVersionDate "2021.10.06"]
[SourceQuality "1"]

1. b4 e5 2. Bb2 f6 3. b5 d5 4. e3 Be6 5. Nf3 Bd6 6. Nc3 Ne7 7. Ne2 O-O 8. Ng3 Nd7 9. Be2 Nb6 10. Rc1 Qd7 11. O-O Rad8 12. c3 c5 13. a4 Nf5 14. Nxf5 Bxf5 15. Nh4 Be6 16. Qc2 e4 17. g3 Bh3 18. Rfe1 g5 19. Ng2 c4 20. f4 h6 21. Qd1 Kg7 22. Bh5 f5 23. fxg5 hxg5 24. Rf1 g4 25. Rf2 Kh6 26. Nf4 Bxf4 27. Rxf4 Kxh5 28. Qe2 Nxa4 29. Ba3 Rf7 30. Qf2 b6 31. Rb1 Kg5 32. Rb4 Nc5 33. Qe2 Nd3 34. Rb1 Nxf4 35. exf4+ Kg6 36. Qe3 d4 37. cxd4 Qxd4 38. Bb2 Qxd2 39. Qxd2 Rxd2 40. Be5 Rfd7 41. Rc1 e3 42. Bc3 Rd1+ 0-1

[Event "Saanich inv III B"]
[Site "Victoria CAN"]
[Date "2017.10.09"]
[Round "5.2"]
[White "Tate, Bill"]
[Black "Richardson, Ross"]
[Result "1-0"]
[WhiteElo "1672"]
[BlackElo "1708"]
[WhiteFideId "-1"]
[WhiteFideId "-1"]
[PlyCount "57"]
[GameId "2160767908325940"]
[EventDate "2017.10.07"]
[EventType "tourn"]
[EventRounds "5"]
[EventCountry "CAN"]
[SourceTitle "EXT 2022"]
[Source "ChessBase"]
[SourceDate "2021.10.06"]
[SourceVersion "1"]
[SourceVersionDate "2021.10.06"]
[SourceQuality "1"]

1. d4 Nf6 2. Nf3 g6 3. e3 Bg7 4. g3 O-O 5. Bg2 d5 6. O-O c6 7. Nbd2 Nbd7 8. b3 Ne4 9. Nxe4 dxe4 10. Ng5 e5 11. Nxe4 exd4 12. exd4 c5 13. Be3 f5 14. Nd6 Qf6 15. Nxc8 Raxc8 16. Bxb7 Rcd8 17. Bd5+ Kh8 18. dxc5 Qxa1 19. Qxa1 Bxa1 20. Rxa1 Nf6 21. Bc4 Ng4 22. Bf4 Nf6 23. Re1 Ne4 24. f3 Nf6 25. c3 Rfe8 26. Rxe8+ Rxe8 27. Kf2 Kg7 28. c6 Rc8 29. c7 1-0

[Event "Saanich inv III B"]
[Site "Victoria CAN"]
[Date "2017.10.09"]
[Round "5.3"]
[White "Jones, Cliff"]
[Black "Deimert, Elroy"]
[Result "1/2-1/2"]
[WhiteElo "1578"]
[BlackElo "1519"]
[WhiteFideId "-1"]
[WhiteFideId "-1"]
[PlyCount "73"]
[GameId "2160767908325942"]
[EventDate "2017.10.07"]
[EventType "tourn"]
[EventRounds "5"]
[EventCountry "CAN"]
[SourceTitle "EXT 2022"]
[Source "ChessBase"]
[SourceDate "2021.10.06"]
[SourceVersion "1"]
[SourceVersionDate "2021.10.06"]
[SourceQuality "1"]

1. e4 d5 2. d3 dxe4 3. dxe4 Qxd1+ 4. Kxd1 Nf6 5. f3 Nc6 6. Be3 Bd7 7. Nd2 e5 8. c3 O-O-O 9. Bc4 Be6 10. Kc2 Rxd2+ 11. Bxd2 Bxc4 12. b3 Be6 13. Rd1 Be7 14. Ne2 Rd8 15. Be3 Rxd1 16. Rxd1 b6 17. Ng3 g6 18. Nf1 a5 19. Bc1 a4 20. Ne3 axb3+ 21. axb3 Na5 22. Nd5 Nxd5 23. exd5 Bf5+ 24. Kb2 h5 25. Bd2 f6 26. c4 Nb7 27. b4 e4 28. Re1 Nd6 29. Kb3 Kd7 30. c5 bxc5 31. bxc5 Nb5 32. fxe4 Bg4 33. h3 Be2 34. Ka4 Bd3 35. Re3 Bf1 36. Re1 Bd3 37. Re3 1/2-1/2

[Event "Scarborough CC Falling Leaves"]
[Site "Toronto CAN"]
[Date "2017.11.02"]
[Round "1.1"]
[White "Palacios, Bobby"]
[Black "Rusonik, Max"]
[Result "1/2-1/2"]
[WhiteElo "2015"]
[BlackElo "2005"]
[WhiteFideId "-1"]
[WhiteFideId "-1"]
[PlyCount "107"]
[GameId "2160767740522645"]
[EventDate "2017.11.02"]
[EventType "swiss"]
[EventRounds "7"]
[EventCountry "CAN"]
[SourceTitle "hb 2017"]

1. d4 f5 2. Nc3 Nf6 3. Bg5 g6 4. Qd2 Bg7 5. O-O-O h6 6. Bxf6 Bxf6 7. e4 d6 8. Kb1 Nc6 9. Nf3 e5 10. Qe1 O-O 11. dxe5 Nxe5 12. Nd4 Nc6 13. Nf3 Be6 14. exf5 Bxf5 15. Bd3 Qd7 16. Qd2 Kh7 17. Nd5 Bg7 18. Rhe1 Bxd3 19. Qxd3 Rae8 20. h4 Ne7 21. h5 Nxd5 22. hxg6+ Kh8 23. Qxd5 Qg4 24. Qd3 Qxg2 25. Nh4 Qxf2 26. Rxe8 Rxe8 27. Nf5 Re1 28. Nxg7 Rxd1+ 29. Qxd1 Kxg7 30. a3 Qf6 31. Qe2 Qxg6 32. Qb5 b6 33. Qa6 h5 34. Qxa7 Qg1+ 35. Ka2 Qc5 36. Qb7 Qxc2 37. Qc8 Qc4+ 38. Ka1 Qf1+ 39. Ka2 Qf7+ 40. Ka1 Kf6 41. Qh3 Ke7 42. Qc8 Qf1+ 43. Ka2 Qc4+ 44. Ka1 h4 45. Qh8 Kd7 46. Qh7+ Kc8 47. Qf5+ Kb7 48. Qh3 Qe4 49. Ka2 d5 50. Qd7 d4 51. a4 d3 52. a5 Qc4+ 53. b3 Qc2+ 54. Ka3 {Stalemate a few moves later.} 1/2-1/2